Maharashtra contingent expenditure rules, 1965. (Record no. 73604)
[ view plain ]
| 000 -LEADER | |
|---|---|
| fixed length control field | 00759cam a22002291 4500 |
| 001 - CONTROL NUMBER | |
| control field | sa 67003056 |
| 003 - CONTROL NUMBER IDENTIFIER | |
| control field | DLC |
| 005 - DATE AND TIME OF LATEST TRANSACTION | |
| control field | 20260227112335.0 |
| 008 - FIXED-LENGTH DATA ELEMENTS--GENERAL INFORMATION | |
| fixed length control field | 880912s1965 ii 000 0 eng |
| 010 ## - LIBRARY OF CONGRESS CONTROL NUMBER | |
| LC control number | sa 67003056 |
| 025 ## - OVERSEAS ACQUISITION NUMBER | |
| Overseas acquisition number | PL480:I-E-6798 |
| 035 ## - SYSTEM CONTROL NUMBER | |
| System control number | (OCoLC)18472946 |
| 040 ## - CATALOGING SOURCE | |
| Original cataloging agency | DLC |
| Transcribing agency | WaU |
| Modifying agency | WaU |
| -- | OCoLC |
| -- | DLC |
| 042 ## - AUTHENTICATION CODE | |
| Authentication code | premarc |
| 050 00 - LIBRARY OF CONGRESS CALL NUMBER | |
| Classification number | HJ66.M5 |
| Item number | A15 no. 9 |
| 110 1# - MAIN ENTRY--CORPORATE NAME | |
| Corporate name or jurisdiction name as entry element | Maharashtra (India). |
| Subordinate unit | Finance Department. |
| 245 10 - TITLE STATEMENT | |
| Title | Maharashtra contingent expenditure rules, 1965. |
| Remainder of title | Includes orders issued up to 31st March 1965. |
| 260 ## - PUBLICATION, DISTRIBUTION, ETC. | |
| Place of publication, distribution, etc. | Nagpur, |
| Name of publisher, distributor, etc. | Govt. Press, |
| Date of publication, distribution, etc. | 1965. |
| 300 ## - PHYSICAL DESCRIPTION | |
| Extent | iv, 188 p. |
| Dimensions | 24 cm. |
| 410 10 - SERIES STATEMENT/ADDED ENTRY--CORPORATE NAME [OBSOLETE, CAN/MARC], [LOCAL, USA] | |
| Corporate name or jurisdiction name as entry element | Maharashtra (India). |
| Title of a work | Financial publications, |
| Volume number/sequential designation | no. 9 |
| 651 #0 - SUBJECT ADDED ENTRY--GEOGRAPHIC NAME | |
| Geographic name | Maharashtra (India) |
| General subdivision | Appropriations and expenditures. |
No items available.